[Event "España Tch-Primera Division Sur"]
[Site "Santa Cruz de Tenerife ESP"]
[Date "2006.08.25"]
[Round "4"]
[White "Garcia Romero, Benjamin Abel"]
[Black "Tudela Corbalan, Carlos"]
[Result "1-0"]
[WhiteElo "2164"]
[BlackElo "2194"]
[PlyCount "77"]
[EventDate "2006.08.23"]
[EventType "team"]
[EventRounds "2"]
[EventCountry "ESP"]
[Source "lmi"]
[SourceDate "2006.08.23"]
[WhiteTeam "C.A. MAGIC B"]
[BlackTeam "C.A. TOTANA"]

1. d4 Nf6 2. c4 e6 3. Nf3 c5 4. d5 exd5 5. cxd5 d6 6. Nc3 g6 7. Bf4 Bg7 8. Qa4+
Bd7 9. Qb3 Qc7 10. e4 O-O 11. Be2 Nh5 12. Bg5 h6 13. Be3 Bg4 14. O-O Nd7 15. h3
Bxf3 16. Bxf3 Nhf6 17. Bf4 a6 18. a4 Rfe8 19. Bh2 Rab8 20. Rae1 b5 21. axb5
axb5 22. Be2 Nxe4 23. Nxb5 Qb6 24. Qc2 f5 25. Kh1 Ne5 26. f3 Nf6 27. g4 c4 28.
Bxe5 Rxe5 29. Bxc4 Nd7 30. b3 Rbe8 31. Qd2 Nf8 32. Kg2 fxg4 33. hxg4 g5 34.
Rxe5 Rxe5 35. f4 Re3 36. fxg5 Ng6 37. Qf2 hxg5 38. Qf7+ Kh7 39. Qf5 1-0

[Event "España Tch-Primera Division Sur"]
[Site "Santa Cruz de Tenerife ESP"]
[Date "2006.08.25"]
[Round "4"]
[White "Ibarra Jerez, Juan Miguel"]
[Black "Encinas Encinas, Alvaro"]
[Result "0-1"]
[WhiteElo "2163"]
[BlackElo "2133"]
[PlyCount "68"]
[EventDate "2006.08.23"]
[EventType "team"]
[EventRounds "2"]
[EventCountry "ESP"]
[Source "lmi"]
[SourceDate "2006.08.23"]
[WhiteTeam "C.A. TOTANA"]
[BlackTeam "C.A. MAGIC B"]

1. e4 g6 2. d4 Bg7 3. h4 c5 4. dxc5 Qa5+ 5. Nc3 Bxc3+ 6. bxc3 Nf6 7. Bd3 Qxc3+
8. Bd2 Qxc5 9. Rb1 Qc7 10. Ne2 d6 11. Bg5 Ng4 12. Qd2 Be6 13. Nd4 Bxa2 14. Rb2
Be6 15. Nb5 Qc5 16. f3 a6 17. Nd4 Ne5 18. Rxb7 Nbd7 19. Be3 Qc8 20. Rb1 Bc4 21.
O-O Nc5 22. Rfd1 Qd7 23. Be2 O-O 24. h5 Rfb8 25. Bh6 Qa7 26. Kh1 a5 27. Bxc4
Nxc4 28. Qc3 Ne5 29. f4 Nxe4 30. Qa1 Ng4 31. Bg5 e5 32. fxe5 dxe5 33. Rxb8+
Rxb8 34. Nc6 Ng3# 0-1

[Event "España Tch-Primera Division Sur"]
[Site "Santa Cruz de Tenerife ESP"]
[Date "2006.08.25"]
[Round "4"]
[White "Sanchez Marcos, Andres"]
[Black "Garre Murcia, Pedro"]
[Result "0-1"]
[WhiteElo "1894"]
[BlackElo "2189"]
[PlyCount "118"]
[EventDate "2006.08.23"]
[EventType "team"]
[EventRounds "2"]
[EventCountry "ESP"]
[Source "lmi"]
[SourceDate "2006.08.23"]
[WhiteTeam "C.A. MAGIC B"]
[BlackTeam "C.A. TOTANA"]

1. e4 c5 2. Nc3 Nc6 3. g3 g6 4. Bg2 Bg7 5. d3 d6 6. f4 e6 7. Nf3 Nge7 8. O-O
O-O 9. Be3 Rb8 10. e5 Nf5 11. Bf2 dxe5 12. fxe5 Nxe5 13. Bxc5 Nxf3+ 14. Qxf3
Bd4+ 15. Bxd4 Qxd4+ 16. Qf2 b6 17. Be4 Qd7 18. h4 Qd6 19. g4 Ng3 20. Qf4 Nxe4
21. Nxe4 Qxf4 22. Rxf4 f5 23. gxf5 exf5 24. Raf1 Bd7 25. Ng3 Rfe8 26. c3 Bc6
27. Kf2 Re7 28. Re1 Rbe8 29. Rxe7 Rxe7 30. Rc4 Bb7 31. a4 Kg7 32. a5 Kf6 33.
axb6 axb6 34. Rd4 b5 35. Rd6+ Re6 36. Rxe6+ Kxe6 37. Ke3 Ke5 38. Ne2 h6 39. d4+
Kf6 40. Nc1 g5 41. hxg5+ hxg5 42. Nd3 f4+ 43. Kf2 Kf5 44. Ne5 g4 45. b3 g3+ 46.
Ke2 Ke4 47. Nf3 Ba6 48. Ng5+ Kf5 49. Nf3 Kg4 50. d5 Bb7 51. c4 bxc4 52. bxc4
Kh3 53. Ng5+ Kg4 54. Nf3 Kh3 55. Ng5+ Kh2 56. Nf3+ Kh1 57. Kf1 Ba6 58. d6 Bxc4+
59. Ke1 Bb5 0-1

[Event "España Tch-Primera Division Sur"]
[Site "Santa Cruz de Tenerife ESP"]
[Date "2006.08.25"]
[Round "4"]
[White "De la Cruz Sanchez, C Gustavo"]
[Black "Ramos Aguilar, Jose Manuel"]
[Result "1-0"]
[WhiteElo "2249"]
[BlackElo "2253"]
[PlyCount "89"]
[EventDate "2006.08.23"]
[EventType "team"]
[EventRounds "2"]
[EventCountry "ESP"]
[Source "lmi"]
[SourceDate "2006.08.23"]
[WhiteTeam "C.A. ISLA BONITA - CAJACANARIAS"]
[BlackTeam "C.A. EBANO"]

1. e4 c5 2. Nf3 Nc6 3. Bb5 d6 4. O-O Bd7 5. c3 Nf6 6. Re1 a6 7. Bf1 Bg4 8. h3
Bh5 9. d4 cxd4 10. cxd4 e5 11. d5 Nd4 12. Be2 Bxf3 13. Bxf3 Be7 14. Be3 Nxf3+
15. Qxf3 O-O 16. Nc3 Nd7 17. Rac1 Bg5 18. Nd1 g6 19. Qg4 Bxe3 20. Nxe3 Kh8 21.
Rc3 Rc8 22. Rec1 Rxc3 23. Rxc3 Nc5 24. b4 Na4 25. Rc2 a5 26. a3 axb4 27. axb4
Nb6 28. Kh2 Nd7 29. Rc3 h5 30. Qe2 Nf6 31. Nc4 Kg7 32. Qe3 Re8 33. f3 Qe7 34.
Qb6 Rd8 35. Na5 Rd7 36. Rc8 Nh7 37. Nc6 Qg5 38. Nb8 Qf4+ 39. Kh1 Ng5 40. Nxd7
Nxf3 41. gxf3 Qxf3+ 42. Kg1 Qg3+ 43. Kf1 Qxh3+ 44. Ke1 Qxd7 45. Qd8 1-0

[Event "España Tch-Primera Division Sur"]
[Site "Santa Cruz de Tenerife ESP"]
[Date "2006.08.25"]
[Round "4"]
[White "Martin Luis, Cesar"]
[Black "Garcia De La Banda, Francisco"]
[Result "1-0"]
[WhiteElo "2246"]
[BlackElo "2200"]
[PlyCount "79"]
[EventDate "2006.08.23"]
[EventType "team"]
[EventRounds "2"]
[EventCountry "ESP"]
[Source "lmi"]
[SourceDate "2006.08.23"]
[WhiteTeam "C.A. EBANO"]
[BlackTeam "C.A. ISLA BONITA - CAJACANARIAS"]

1. e4 e5 2. Nf3 d6 3. Bc4 Be6 4. Bxe6 fxe6 5. O-O Nc6 6. d4 exd4 7. c3 d3 8.
Qb3 Qd7 9. Qxb7 Rb8 10. Qa6 Nge7 11. Qxd3 Ng6 12. Nd4 Be7 13. f4 O-O 14. Qe2 d5
15. e5 Bc5 16. Be3 Nge7 17. b3 Bb6 18. Nd2 Rbc8 19. Rac1 Nd8 20. b4 a5 21. N2b3
Nb7 22. Nxa5 Bxa5 23. bxa5 Nxa5 24. Qa6 Nec6 25. Nxc6 Nxc6 26. Bc5 Ra8 27. Qe2
Rfb8 28. f5 exf5 29. e6 Re8 30. Rce1 Qc8 31. Rxf5 Qa6 32. Qxa6 Rxa6 33. e7 Raa8
34. Rf8+ Rxf8 35. exf8=Q+ Rxf8 36. Bxf8 Kxf8 37. Rd1 Ne7 38. a4 c6 39. a5 Nc8
40. c4 1-0

[Event "España Tch-Primera Division Sur"]
[Site "Santa Cruz de Tenerife ESP"]
[Date "2006.08.25"]
[Round "4"]
[White "Perez Felipe, Marcos Adrian"]
[Black "Marquez Abreu, Carlos"]
[Result "1-0"]
[WhiteElo "2118"]
[BlackElo "1970"]
[PlyCount "69"]
[EventDate "2006.08.23"]
[EventType "team"]
[EventRounds "2"]
[EventCountry "ESP"]
[Source "lmi"]
[SourceDate "2006.08.23"]
[WhiteTeam "C.A. ISLA BONITA - CAJACANARIAS"]
[BlackTeam "C.A. EBANO"]

1. d4 d5 2. c4 c6 3. Nc3 Nf6 4. e3 Bf5 5. cxd5 cxd5 6. Qb3 e6 7. Qxb7 Nbd7 8.
Bb5 Be7 9. Nf3 O-O 10. O-O Rb8 11. Qa6 Qc7 12. Nd2 Rb6 13. Qa4 Ng4 14. g3 Ndf6
15. Be2 Rfb8 16. Qd1 h5 17. Nf3 Bb4 18. Nh4 Bh7 19. Bd2 Bxc3 20. Bxc3 Ne4 21.
Ba5 g5 22. Bxb6 Qxb6 23. Bxg4 gxh4 24. Bxh5 Nf6 25. Bf3 Qxb2 26. Qc1 Qb6 27.
Bg2 Qd8 28. a4 Ne4 29. f3 Nd6 30. gxh4 Nc4 31. Qe1 Rb2 32. Qg3+ Kh8 33. Rf2 Qb6
34. Rxb2 Qxb2 35. Re1 1-0

[Event "España Tch-Primera Division Sur"]
[Site "Santa Cruz de Tenerife ESP"]
[Date "2006.08.25"]
[Round "4"]
[White "Jimenez Martinez, Jose Vicente"]
[Black "Guerrero Arroyo, Pedro"]
[Result "0-1"]
[WhiteElo "2199"]
[BlackElo "2097"]
[PlyCount "110"]
[EventDate "2006.08.23"]
[EventType "team"]
[EventRounds "2"]
[EventCountry "ESP"]
[Source "lmi"]
[SourceDate "2006.08.23"]
[WhiteTeam "CLUB AJEDREZ PARQUE SUR"]
[BlackTeam "C. AGRUPACION AJEDREZ RUY LOPEZ"]

1. d4 g6 2. c4 Nf6 3. Nc3 d5 4. cxd5 Nxd5 5. e4 Nxc3 6. bxc3 Bg7 7. Be3 O-O 8.
Qd2 c5 9. Rc1 cxd4 10. cxd4 Nc6 11. d5 Ne5 12. h3 b6 13. f4 Nd7 14. e5 Nc5 15.
Bxc5 bxc5 16. Bc4 Rb8 17. Ne2 Rb4 18. O-O Qb6 19. Rc2 Bf5 20. Rcc1 Rb2 21. Qe3
Qb4 22. a3 Qd2 23. Qxd2 Rxd2 24. Ng3 Bd7 25. Ne4 Rb2 26. Nxc5 Bf5 27. g4 Bc8
28. Rf2 Rxf2 29. Kxf2 g5 30. Rd1 Rd8 31. d6 exd6 32. exd6 Bf8 33. Ne4 gxf4 34.
Nf6+ Kg7 35. g5 Bxh3 36. Nh5+ Kg8 37. Nxf4 Bf5 38. Rd5 Bc8 39. g6 hxg6 40. Nxg6
Bxd6 41. Nf4 Kf8 42. Nd3 Be6 43. Rd4 Bc5 44. Nxc5 Rxd4 45. Bxe6 Rd2+ 46. Ke3
Rc2 47. Nd7+ Ke7 48. Kd3 fxe6 49. Kxc2 Kxd7 50. Kd3 a5 51. Kd4 Kd6 52. Ke4 e5
53. Ke3 Kd5 54. Kd3 e4+ 55. Kc3 Kc5 0-1

[Event "España Tch-Primera Division Sur"]
[Site "Santa Cruz de Tenerife ESP"]
[Date "2006.08.25"]
[Round "4"]
[White "Perez Candelario, Matias"]
[Black "Garcia Gata, Jorge David"]
[Result "1/2-1/2"]
[WhiteElo "2063"]
[BlackElo "2060"]
[PlyCount "111"]
[EventDate "2006.08.23"]
[EventType "team"]
[EventRounds "2"]
[EventCountry "ESP"]
[Source "lmi"]
[SourceDate "2006.08.23"]
[WhiteTeam "C. AGRUPACION AJEDREZ RUY LOPEZ"]
[BlackTeam "CLUB AJEDREZ PARQUE SUR"]

1. e4 c5 2. Nf3 d6 3. d4 cxd4 4. Nxd4 Nf6 5. Nc3 g6 6. Be2 Bg7 7. Be3 O-O 8.
O-O Nc6 9. f3 d5 10. Nxc6 bxc6 11. e5 Nd7 12. f4 e6 13. Qe1 Rb8 14. Na4 Qc7 15.
Qh4 Rb4 16. Nc5 Bxe5 17. Nxd7 Bxd7 18. Qf2 Bd6 19. Bd3 e5 20. c3 Rbb8 21. fxe5
Bxe5 22. h4 f5 23. h5 Bh2+ 24. Kh1 Bg3 25. Qd2 f4 26. Bf2 Qe5 27. Be2 Qe7 28.
Bxg3 fxg3 29. Rf4 Rxf4 30. Qxf4 Rf8 31. Qxg3 Qxe2 32. hxg6 Qh5+ 33. Kg1 Qxg6
34. Qh4 Qg4 35. Qe7 Qf5 36. Qe3 a5 37. Rd1 Be8 38. Rd4 Bg6 39. Ra4 Qb1+ 40. Kh2
Rf1 41. Qe6+ Kg7 42. Qe7+ Rf7 43. Qe5+ Kg8 44. Rxa5 Qf5 45. Qe8+ Rf8 46. Qxc6
Qh5+ 47. Kg1 Qd1+ 48. Kh2 Bf7 49. Qh6 Qg4 50. b3 Qf5 51. Ra4 Bg6 52. Qh3 Qe5+
53. Qg3 Qe2 54. Rg4 Qxa2 55. Rxg6+ hxg6 56. Qxg6+ 1/2-1/2

[Event "España Tch-Primera Division Sur"]
[Site "Santa Cruz de Tenerife ESP"]
[Date "2006.08.25"]
[Round "4"]
[White "Campayo Hernandez, Juan"]
[Black "Guerrero Arroyo, Jorge"]
[Result "1-0"]
[WhiteElo "2079"]
[BlackElo "1816"]
[PlyCount "63"]
[EventDate "2006.08.23"]
[EventType "team"]
[EventRounds "2"]
[EventCountry "ESP"]
[Source "lmi"]
[SourceDate "2006.08.23"]
[WhiteTeam "CLUB AJEDREZ PARQUE SUR"]
[BlackTeam "C. AGRUPACION AJEDREZ RUY LOPEZ"]

1. g3 Nf6 2. Bg2 d5 3. b3 g6 4. Bb2 Bg7 5. c4 c6 6. Nf3 O-O 7. O-O Bf5 8. d3
Re8 9. Nbd2 Qb6 10. Qc2 a5 11. h3 h5 12. Rfe1 Na6 13. a3 Rad8 14. e4 dxe4 15.
dxe4 Bc8 16. e5 Nh7 17. Ne4 Bf5 18. Nh4 Bxe4 19. Bxe4 Nc5 20. e6 Nxe4 21. exf7+
Kxf7 22. Qxe4 Rd6 23. Bxg7 Kxg7 24. Re3 e5 25. Nf3 Nf6 26. Qc2 e4 27. c5 Qd8
28. cxd6 exf3 29. Rxf3 Qxd6 30. Rd1 Qxa3 31. Qc3 Qe7 32. Rxf6 1-0

[Event "España Tch-Primera Division Sur"]
[Site "Santa Cruz de Tenerife ESP"]
[Date "2006.08.25"]
[Round "4"]
[White "Crespo Ramos, Maria"]
[Black "Benitez Fernandez, Martin"]
[Result "0-1"]
[WhiteElo "1619"]
[BlackElo "2090"]
[PlyCount "134"]
[EventDate "2006.08.23"]
[EventType "team"]
[EventRounds "2"]
[EventCountry "ESP"]
[Source "lmi"]
[SourceDate "2006.08.23"]
[WhiteTeam "C. AGRUPACION AJEDREZ RUY LOPEZ"]
[BlackTeam "CLUB AJEDREZ PARQUE SUR"]

1. e4 e5 2. Nf3 Nc6 3. d4 exd4 4. Bc4 Nf6 5. e5 d5 6. Bb5 Ne4 7. Nxd4 Bd7 8.
Bxc6 bxc6 9. O-O Bc5 10. Be3 Bb6 11. Nd2 Nxd2 12. Qxd2 O-O 13. f4 c5 14. Nb3 d4
15. Bf2 Bc6 16. c3 Qd5 17. Bh4 d3 18. Rf2 c4 19. Nd4 Bxd4 20. cxd4 Qxd4 21. Rd1
Rab8 22. Kh1 Rb6 23. Be7 Rfb8 24. Ba3 Be4 25. Rc1 h5 26. f5 h4 27. h3 Qxe5 28.
Rxc4 Rd8 29. b3 Bxf5 30. Bb2 Qe6 31. Qg5 f6 32. Qd2 Re8 33. Rxc7 Qe1+ 34. Qxe1
Rxe1+ 35. Kh2 Rd6 36. Rd2 Re2 37. Rxe2 dxe2 38. Re7 Rd2 39. Bc3 Rxa2 40. Kg1
Bd3 41. Bd4 a6 42. Kf2 e1=Q+ 43. Kxe1 Rxg2 44. Bf2 Rh2 45. Bxh4 Rxh3 46. Bf2
Bb5 47. b4 Rb3 48. Bc5 Rb2 49. Re3 Rg2 50. Rf3 Re2+ 51. Kd1 Kf7 52. Re3 Rxe3
53. Bxe3 Ke6 54. Kd2 Kf5 55. Bc5 Ke4 56. Be7 f5 57. Ke1 f4 58. Kf2 Kf5 59. Kf3
g5 60. Bd6 g4+ 61. Kf2 g3+ 62. Kg1 Ke4 63. Kg2 Ke3 64. Bc5+ Ke2 65. Bb6 Bc6+
66. Kg1 f3 67. Bc5 f2+ 0-1

[Event "España Tch-Primera Division Sur"]
[Site "Santa Cruz de Tenerife ESP"]
[Date "2006.08.25"]
[Round "4"]
[White "Blanco Sanjuan, Jorge"]
[Black "Vega Gutierrez, Sabrina Neide"]
[Result "0-1"]
[WhiteElo "2134"]
[BlackElo "2282"]
[PlyCount "78"]
[EventDate "2006.08.23"]
[EventType "team"]
[EventRounds "2"]
[EventCountry "ESP"]
[Source "lmi"]
[SourceDate "2006.08.23"]
[WhiteTeam "C.A. NEW - CHESS MADRID"]
[BlackTeam "CLUB AJEDREZ ANAND"]

1. d4 d5 2. Nf3 c6 3. c4 e6 4. Qc2 dxc4 5. Qxc4 Nf6 6. Bg5 b5 7. Qc2 Bb7 8.
Nbd2 Nbd7 9. e3 a6 10. Bd3 Rc8 11. O-O c5 12. Qd1 h6 13. Bh4 Be7 14. Qe2 O-O
15. Rad1 c4 16. Bb1 Nb6 17. Ne5 Na4 18. Bxf6 Bxf6 19. Be4 Bd5 20. Bxd5 exd5 21.
Ndf3 Qd6 22. Qc2 Rc7 23. Rfe1 Nb6 24. e4 dxe4 25. Qxe4 Nd5 26. g4 c3 27. b3 c2
28. Rc1 Rfc8 29. h4 Nc3 30. Qxc2 Nxa2 31. Qxa2 Rxc1 32. Rxc1 Rxc1+ 33. Kg2 Bxe5
34. dxe5 Qe6 35. Kg3 Rc3 36. Qa5 Qc6 37. Qd8+ Kh7 38. Qd1 Qe4 39. g5 Rd3 0-1

[Event "España Tch-Primera Division Sur"]
[Site "Santa Cruz de Tenerife ESP"]
[Date "2006.08.25"]
[Round "4"]
[White "Vega Gutierrez, Belinda Vidina"]
[Black "Spitzer Isbert, Ramon"]
[Result "0-1"]
[WhiteElo "2207"]
[BlackElo "2128"]
[PlyCount "82"]
[EventDate "2006.08.23"]
[EventType "team"]
[EventRounds "2"]
[EventCountry "ESP"]
[Source "lmi"]
[SourceDate "2006.08.23"]
[WhiteTeam "CLUB AJEDREZ ANAND"]
[BlackTeam "C.A. NEW . CHESS MADRID"]

1. e4 c5 2. Nf3 Nc6 3. d4 cxd4 4. Nxd4 Nf6 5. Nc3 e5 6. Ndb5 d6 7. Bg5 a6 8.
Na3 b5 9. Nd5 Be7 10. Bxf6 Bxf6 11. c4 Qa5+ 12. Qd2 Qxd2+ 13. Kxd2 Bg5+ 14. Kd1
O-O 15. cxb5 Nd4 16. h4 Bh6 17. b6 Kh8 18. Bd3 f5 19. f3 Bb7 20. Nc4 Bxd5 21.
exd5 e4 22. fxe4 fxe4 23. Bxe4 Rac8 24. Nxd6 Rcd8 25. Nc4 Rf2 26. a4 Nb3 27.
Ra3 Nd2 28. Bd3 Nxc4 29. Bxc4 Rd2+ 30. Ke1 Re8+ 31. Kf1 Rd1+ 32. Kf2 Rxh1 33.
Bxa6 Rxh4 34. Bb5 Rf8+ 35. Kg3 Rb4 36. b7 Bf4+ 37. Kh3 Be5 38. Rd3 g5 39. g3
g4+ 40. Kh4 Kg7 41. d6 Rf5 0-1

[Event "España Tch-Primera Division Sur"]
[Site "Santa Cruz de Tenerife ESP"]
[Date "2006.08.25"]
[Round "4"]
[White "Montolio Benedicto, Cesar"]
[Black "Camino Carrio, Nicanor"]
[Result "0-1"]
[WhiteElo "2067"]
[BlackElo "2141"]
[PlyCount "102"]
[EventDate "2006.08.23"]
[EventType "team"]
[EventRounds "2"]
[EventCountry "ESP"]
[Source "lmi"]
[SourceDate "2006.08.23"]
[WhiteTeam "C.A. NEW - CHESS MADRID"]
[BlackTeam "CLUB AJEDREZ ANAND"]

1. e4 c5 2. Nf3 d6 3. d4 cxd4 4. Nxd4 Nf6 5. Nc3 g6 6. f4 Nbd7 7. Be2 Bg7 8.
Be3 O-O 9. O-O a6 10. Bf3 Qc7 11. Qd2 Nb6 12. Kh1 Nc4 13. Qc1 Bg4 14. Bg1 Bxf3
15. Nxf3 Rac8 16. Rb1 Nxb2 17. Qxb2 Qxc3 18. Qxb7 Rc7 19. Qxa6 Nxe4 20. Rbc1
Qc4 21. Qxc4 Rxc4 22. Rfe1 d5 23. Ne5 Bxe5 24. fxe5 Ra8 25. Ra1 Ra3 26. Re3 Nc3
27. e6 f6 28. Rd3 Ra6 29. Bd4 Nxa2 30. c3 Nb4 31. Rxa6 Nxa6 32. Kg1 Rc6 33. Bf2
Nc7 34. Bg3 Nxe6 35. Rxd5 Rxc3 36. Rd7 Kf8 37. Ra7 Nc5 38. Kf1 Ne4 39. Be1 Rb3
40. Ra8+ Kf7 41. Rh8 h5 42. Rh7+ Ke6 43. Ba5 Rb7 44. Rg7 g5 45. Ke2 h4 46. Kf3
Nd6 47. Rh7 Kf5 48. g4+ hxg3 49. hxg3 Rb3+ 50. Kg2 e5 51. Bd8 Ne4 0-1

[Event "España Tch-Primera Division Sur"]
[Site "Santa Cruz de Tenerife ESP"]
[Date "2006.08.25"]
[Round "4"]
[White "Garcia Blanco, Omar"]
[Black "Safont Guillen, Oscar"]
[Result "1-0"]
[WhiteElo "2018"]
[BlackElo "2041"]
[PlyCount "77"]
[EventDate "2006.08.23"]
[EventType "team"]
[EventRounds "2"]
[EventCountry "ESP"]
[Source "lmi"]
[SourceDate "2006.08.23"]
[WhiteTeam "CLUB AJEDREZ ANAND"]
[BlackTeam "C.A. NEW - CHESS MADRID"]

1. e4 e5 2. Nf3 Nf6 3. Nxe5 d6 4. Nf3 Nxe4 5. Nc3 Nxc3 6. dxc3 Be7 7. Bd3 Nd7
8. Bf4 Nc5 9. Be2 O-O 10. O-O Re8 11. h3 Bf5 12. Nd4 Bg6 13. Bf3 Rb8 14. Re1
Bf6 15. Rxe8+ Qxe8 16. Qf1 Bxd4 17. cxd4 Ne6 18. Be3 Bxc2 19. d5 Nc5 20. Bxc5
dxc5 21. Qc4 Bg6 22. Qxc5 c6 23. dxc6 bxc6 24. Rd1 h6 25. Qxa7 Rxb2 26. Qc7 Rd2
27. Rxd2 Qe1+ 28. Kh2 Qxd2 29. a4 Qxf2 30. a5 Qf1 31. Qxc6 Bd3 32. Qe8+ Kh7 33.
Qxf7 Qe1 34. Qd5 Qe3 35. Qd6 Be4 36. Bxe4+ Qxe4 37. a6 Qa8 38. Qb6 Qe8 39. Qc7
1-0

[Event "España Tch-Primera Division Sur"]
[Site "Santa Cruz de Tenerife ESP"]
[Date "2006.08.25"]
[Round "4"]
[White "Fernandez Molina, Victor Manuel"]
[Black "Gomez Cebrian, Francisco"]
[Result "1/2-1/2"]
[WhiteElo "1929"]
[BlackElo "2125"]
[PlyCount "56"]
[EventDate "2006.08.23"]
[EventType "team"]
[EventRounds "2"]
[EventCountry "ESP"]
[Source "lmi"]
[SourceDate "2006.08.23"]
[WhiteTeam "PEÑA BARCELONISTA MELILLA"]
[BlackTeam "C.A. POLIDEPORTIVO LA RODA"]

1. d4 Nf6 2. c4 e6 3. Nc3 Bb4 4. Qc2 O-O 5. Nf3 d5 6. Bg5 Nbd7 7. e3 c6 8. cxd5
exd5 9. Bd3 h6 10. Bh4 Be7 11. O-O Nh5 12. Bxe7 Qxe7 13. Rfe1 Nhf6 14. e4 Nxe4
15. Nxe4 dxe4 16. Rxe4 Qd6 17. Rae1 Nf6 18. Rh4 Be6 19. Re5 Rfe8 20. Qd2 Bd5
21. Qe3 Bxf3 22. gxf3 c5 23. Qf4 Qxd4 24. Qxd4 cxd4 25. Rxe8+ Rxe8 26. Rxd4 g5
27. Kf1 Re7 28. f4 Kg7 1/2-1/2

[Event "España Tch-Primera Division Sur"]
[Site "Santa Cruz de Tenerife ESP"]
[Date "2006.08.25"]
[Round "4"]
[White "Gonzalez Berruga, Ana Isabel"]
[Black "Garcia Gomez, Jose Manuel"]
[Result "1-0"]
[WhiteElo "1943"]
[BlackElo "1820"]
[PlyCount "97"]
[EventDate "2006.08.23"]
[EventType "team"]
[EventRounds "2"]
[EventCountry "ESP"]
[Source "lmi"]
[SourceDate "2006.08.23"]
[WhiteTeam "C.A. POLIDEPORTIVO LA RODA"]
[BlackTeam "PEÑA BARCELONISTA MELILLA"]

1. d4 d5 2. c4 e6 3. Nc3 Nf6 4. Bg5 Nbd7 5. Nf3 Be7 6. e3 O-O 7. Qc2 c6 8. Rd1
Re8 9. a3 dxc4 10. Bxc4 Nd5 11. Bxe7 Qxe7 12. Ne2 a5 13. Bd3 h6 14. e4 N5f6 15.
e5 Nd5 16. O-O c5 17. Be4 Nc7 18. Nf4 Rb8 19. Nd2 b6 20. Nc4 Ba6 21. Bh7+ Kh8
22. Nd6 Nd5 23. Nxd5 exd5 24. Rfe1 Red8 25. dxc5 Nxc5 26. Rxd5 Nb7 27. Red1
Nxd6 28. exd6 Qf6 29. Bf5 Bb7 30. R5d4 Qg5 31. Rg4 Qf6 32. d7 Qe7 33. Qc3 f6
34. Rg3 Ba6 35. Re1 Qf7 36. Be6 Qf8 37. Qb3 Rb7 38. Rge3 Rbb8 39. Bf7 Rxd7 40.
Re8 Rxe8 41. Rxe8 Qxe8 42. Bxe8 Rd3 43. Qc2 Rd8 44. Bg6 Rc8 45. Qd2 Bb7 46. h3
Bc6 47. Bf5 Re8 48. Qd6 Be4 49. Qd7 1-0

[Event "España Tch-Primera Division Sur"]
[Site "Santa Cruz de Tenerife ESP"]
[Date "2006.08.25"]
[Round "4"]
[White "Javaloy Guerrero, Manuel A"]
[Black "Gonzalez Lopez, Julian"]
[Result "1-0"]
[WhiteElo "1759"]
[BlackElo "1897"]
[PlyCount "87"]
[EventDate "2006.08.23"]
[EventType "team"]
[EventRounds "2"]
[EventCountry "ESP"]
[Source "lmi"]
[SourceDate "2006.08.23"]
[WhiteTeam "PEÑA BARCELONISTA MELILLA"]
[BlackTeam "C.A. POLIDEPORTIVO LA RODA"]

1. e4 c5 2. Nf3 d6 3. d4 cxd4 4. Nxd4 Nf6 5. Nc3 a6 6. Be3 e6 7. f3 Qc7 8. Qd2
Nc6 9. O-O-O Be7 10. Kb1 b5 11. Bxb5 Bd7 12. Nxc6 Bxc6 13. Bxc6+ Qxc6 14. Bg5
Rb8 15. f4 h6 16. Bh4 Qb7 17. b3 O-O 18. e5 dxe5 19. fxe5 Ne4 20. Nxe4 Bxh4 21.
Nd6 Qc7 22. Qd4 Be7 23. Rhf1 f6 24. Qc4 Qxc4 25. Nxc4 f5 26. Rd7 Bb4 27. Rfd1
g5 28. Rc7 Rf7 29. Rdd7 Rbf8 30. Kb2 f4 31. c3 Rxd7 32. Rxd7 Bc5 33. Nd2 g4 34.
Ne4 f3 35. gxf3 Rxf3 36. Nxc5 Rf2+ 37. Ka3 Rxh2 38. Nxe6 h5 39. c4 Rg2 40. c5
Rc2 41. b4 Kh8 42. Kb3 Rc1 43. Nf4 g3 44. e6 1-0

[Event "España Tch-Primera Division Sur"]
[Site "Santa Cruz de Tenerife ESP"]
[Date "2006.08.25"]
[Round "4"]
[White "Gonzalez Lopez, Mario"]
[Black "Izuel Rios, Ramon"]
[Result "1/2-1/2"]
[WhiteElo "1850"]
[BlackElo "1610"]
[PlyCount "99"]
[EventDate "2006.08.23"]
[EventType "team"]
[EventRounds "2"]
[EventCountry "ESP"]
[Source "lmi"]
[SourceDate "2006.08.23"]
[WhiteTeam "C.A. POLIDEPORTIVO LA RODA"]
[BlackTeam "PEÑA BARCELONISTA MELILLA"]

1. e4 e6 2. d4 d5 3. exd5 exd5 4. Bd3 Nf6 5. h3 Be6 6. Nf3 Bd6 7. c3 O-O 8. O-O
c5 9. Nbd2 Nbd7 10. Ng5 Qb6 11. Ndf3 Rae8 12. Kh1 h6 13. Nxe6 Rxe6 14. a4 c4
15. Bf5 Re7 16. Bc2 Rfe8 17. Nh4 Ne4 18. Bxe4 Rxe4 19. Nf5 Nf6 20. Be3 Bf4 21.
Rb1 Qe6 22. b3 Qxf5 23. bxc4 dxc4 24. Rxb7 R8e7 25. Rb4 Bxe3 26. fxe3 Qd5 27.
Rb5 Qe6 28. d5 Qd6 29. Qb1 Rxe3 30. a5 R3e5 31. a6 Nxd5 32. Rb8+ Re8 33. Rb7
R5e7 34. Qb5 Re1 35. Rbxf7 Rxf1+ 36. Rxf1 Rb8 37. Qxc4 Kh8 38. Qd4 Qxa6 39. c4
Nf6 40. Rd1 Qb6 41. c5 Qc6 42. Qf4 Rc8 43. Rc1 a5 44. Qd2 a4 45. Qb4 Nd7 46.
Qg4 Nxc5 47. Qc4 a3 48. Qf7 Qa6 49. Rxc5 a2 50. Rxc8+ 1/2-1/2

[Event "España Tch-Primera Division Sur"]
[Site "Santa Cruz de Tenerife ESP"]
[Date "2006.08.26"]
[Round "5"]
[White "Fernandez Gutierrez, Rafael"]
[Black "Korneev, Oleg"]
[Result "0-1"]
[WhiteElo "2218"]
[BlackElo "2638"]
[PlyCount "84"]
[EventDate "2006.08.23"]
[EventType "team"]
[EventRounds "2"]
[EventCountry "ESP"]
[Source "lmi"]
[SourceDate "2006.08.23"]
[WhiteTeam "C.A. CAJAGRANADA"]
[BlackTeam "C.C. A. CAJA GENERAL AHORROS DE CANARIAS"]

1. e4 c5 2. Nc3 e6 3. g3 d5 4. exd5 exd5 5. Bg2 Nf6 6. d3 d4 7. Ne4 Nxe4 8.
Bxe4 Be7 9. Ne2 Nd7 10. O-O Nf6 11. Bg2 O-O 12. Nf4 Bg4 13. Qd2 Rb8 14. h3 Bd7
15. a4 Re8 16. Re1 Qc7 17. Qd1 Bc6 18. Bd2 g6 19. b3 Bd6 20. Rxe8+ Rxe8 21. Qf1
g5 22. Bxc6 Qxc6 23. Ng2 h6 24. Re1 Qf3 25. h4 Rxe1 26. Qxe1 Qg4 27. hxg5 hxg5
28. Qc1 Qh3 29. Qe1 Qh5 30. c3 Ng4 31. Qe8+ Kg7 32. Qe4 Be5 33. c4 Bf6 34. f4
Qh2+ 35. Kf1 Qxg3 36. Be1 Nh2+ 37. Kg1 Nf3+ 38. Kf1 Qh3 39. Kf2 g4 40. Kf1 Qh1+
41. Kf2 Bh4+ 42. Nxh4 Qg1+ 0-1

[Event "España Tch-Primera Division Sur"]
[Site "Santa Cruz de Tenerife ESP"]
[Date "2006.08.26"]
[Round "5"]
[White "Aleksandrov, Aleksej"]
[Black "Pertiñez Soria, Juan Luis"]
[Result "1-0"]
[WhiteElo "2627"]
[BlackElo "2170"]
[PlyCount "71"]
[EventDate "2006.08.23"]
[EventType "team"]
[EventRounds "2"]
[EventCountry "ESP"]
[Source "lmi"]
[SourceDate "2006.08.23"]
[WhiteTeam "C.C. A. CAJA GENERAL AHORROS DE CANARIAS"]
[BlackTeam "C.A. CAJAGRANADA"]

1. d4 Nf6 2. c4 e6 3. Nc3 b6 4. e4 Bb4 5. Bd3 Bb7 6. f3 d5 7. Qa4+ Nc6 8. cxd5
exd5 9. e5 Nd7 10. f4 a6 11. Nf3 b5 12. Qd1 Qe7 13. O-O Na5 14. Ne2 Nc6 15. Be3
Ba5 16. Bf2 h6 17. f5 O-O-O 18. Nf4 Qb4 19. Qc1 Nf8 20. Kh1 Kb8 21. Bh4 Nh7 22.
Bxd8 Nxd8 23. a3 Qe7 24. Nh5 Ng5 25. Nxg7 f6 26. exf6 Qxf6 27. Nh5 Qf7 28. Nf4
Ne4 29. Ne5 Qe8 30. f6 Bd2 31. Qc2 Bxf4 32. Rxf4 Ne6 33. f7 Qd8 34. Rff1 Nxd4
35. f8=Q Rxf8 36. Rxf8 1-0